Countries Most Similar To Nigeria - Statistics

General Stats
  • This quiz has been taken 64 times
  • The average score is 10 of 20
Answer Stats
Rank Country Score % Correct
1 Ghana 80.6
88%
10 Benin 73
75%
11 Cameroon 72.9
73%
3 Ivory Coast 76.8
65%
16 Senegal 71.6
62%
14 Togo 71.9
60%
5 Gambia 75.3
54%
9 Liberia 73.9
54%
7 Guinea 74.5
52%
2 Sierra Leone 78.1
52%
4 Tanzania 76.6
48%
6 Kenya 74.6
44%
17 Burkina Faso 70.9
38%
8 Uganda 73.9
38%
19 Rwanda 70.4
37%
13 Zimbabwe 72.3
33%
12 Zambia 72.5
31%
15 Malawi 71.8
25%
18 South Sudan 70.8
23%
20 Mozambique 69.7
19%
No matching quizzes found
Score Distribution
Percent of People with Each Score
Percentile by Number Answered
Your Score History
You have not taken this quiz